[Event "Karlsruhe Grenke op"]
[Site "Karlsruhe"]
[Date "2025.04.19"]
[Round "4"]
[White "Von Mettenheim, Johannes"]
[Black "Pahud, Cedric"]
[Result "1-0"]
[WhiteElo "2362"]
[BlackElo "2135"]
[PlyCount "149"]
[EventDate "2025.04.17"]
[EventType "swiss"]
[EventRounds "9"]
[EventCountry "GER"]
[SourceTitle "CB17_2025"]
[SourceDate "2025.04.23"]
[SourceVersion "1"]
[SourceVersionDate "2025.04.23"]
[SourceQuality "1"]

1. d4 Nf6 2. Nf3 e6 3. Bf4 c5 4. e3 Qb6 5. Nc3 a6 6. Rb1 Nc6 7. Be2 d5 8. 0-0 cxd4 9. exd4 Be7 10. Na4 Qa7 11. Re1 0-0 12. Bf1 Bd7 13. Nc3 b5 14. Ne2 Rfc8 15. Ne5 Be8 16. Nxc6 Rxc6 17. Ng3 Rac8 18. Bd3 b4 19. Be5 Rb6 20. Nh5 Nxh5 21. Qxh5 g6 22. Qh6 f6 23. Bg3 Bf8 24. Qd2 Bb5 25. Re2 Rbc6 26. Qe3 Bg7 27. h4 f5 28. Bxb5 axb5 29. Be5 Rxc2 30. Bxg7 Kxg7 31. Qe5+ Kh6 32. Qf4+ Kg7 33. Qe5+ Kh6 34. Qe3+ Kg7 35. Qxe6 Qxd4 36. Qe7+ Kg8 37. Qe6+ Kg7 38. Qe7+ Kg8 39. Rbe1 Rxe2 40. Qxe2 Qf6 41. Qxb5 Qd6 42. Qb7 Rc7 43. Qb8+ Kg7 44. g3 d4 45. Rd1 d3 46. Kh2 Rd7 47. Qxd6 Rxd6 48. Kg2 Ra6 49. Rxd3 Rxa2 50. Rb3 Ra4 51. Kf3 Kf6 52. Kf4 h6 53. Rd3 g5+ 54. hxg5+ hxg5+ 55. Ke3 Ke5 56. f4+ gxf4+ 57. gxf4+ Ke6 58. Rd4 Ra1 59. Rxb4 Rd1 60. Rd4 Rb1 61. b4 Rb3+ 62. Kd2 Rh3 63. Kc2 Rh2+ 64. Kc3 Rh1 65. Kc4 Rb1 66. Kc5 Rc1+ 67. Kb6 Re1 68. b5 Re4 69. Kc5 Re1 70. b6 Rc1+ 71. Rc4 Rb1 72. Kc6 Ke7 73. Kc7 Rd1 74. b7 Rd7+ 75. Kb6 1-0

[Event "Basel Easter op"]
[Site "Basel"]
[Date "2024.04.01"]
[Round "9"]
[White "Pahud, Cedric"]
[Black "Saminskij, Jan"]
[Result "1-0"]
[WhiteElo "2097"]
[BlackElo "2065"]
[PlyCount "61"]
[EventDate "2024.03.28"]
[EventType "swiss"]
[EventRounds "9"]
[EventCountry "SUI"]
[SourceTitle "CBM 219 Extra"]
[Source "ChessBase"]
[SourceDate "2024.05.31"]
[SourceVersion "1"]
[SourceVersionDate "2024.05.31"]
[SourceQuality "1"]

1. Nf3 Nf6 2. c4 g6 3. b3 Bg7 4. Bb2 0-0 5. g3 d6 6. d4 b6 7. Bg2 Bb7 8. 0-0 Nbd7 9. Nc3 e5 10. Qc2 Qe7 11. e4 a6 12. Rad1 Rfe8 13. Nd5 Bxd5 14. cxd5 Rac8 15. Rfe1 Bh6 16. Bh3 Bg7 17. Ba3 Qd8 18. dxe5 dxe5 19. Qd2 h6 20. Rc1 Ra8 21. Rc3 Ra7 22. Qc2 Bf8 23. Bxf8 Kxf8 24. b4 Re7 25. d6 Re8 26. dxc7 Qc8 27. Rd1 Re7 28. Nxe5 Rxe5 29. Bxd7 Nxd7 30. Rxd7 Re8 31. Rd8 1-0

[Event "SUI-chT"]
[Site "Switzerland"]
[Date "2022.09.03"]
[Round "4.7"]
[White "Pahud, Cedric"]
[Black "Guex, Pascal"]
[Result "0-1"]
[WhiteElo "2211"]
[BlackElo "2122"]
[PlyCount "90"]
[EventDate "2022.05.01"]
[EventType "team-tourn"]
[EventRounds "9"]
[EventCountry "SUI"]
[SourceTitle "EXT 2023"]
[Source "ChessBase"]
[SourceDate "2022.10.05"]
[SourceVersion "1"]
[SourceVersionDate "2022.10.05"]
[SourceQuality "1"]
[WhiteTeam "Echallens"]
[BlackTeam "Nyon"]
[WhiteTeamCountry "SUI"]
[BlackTeamCountry "SUI"]

1. e4 e5 2. Nf3 Nc6 3. d4 exd4 4. Nxd4 Nf6 5. Nxc6 bxc6 6. Bd3 d5 7. exd5 cxd5 8. 0-0 Be7 9. c4 c6 10. cxd5 cxd5 11. Nc3 0-0 12. Be3 Be6 13. Bd4 Rb8 14. b3 Rb4 15. Bc2 Qd7 16. a3 Rbb8 17. b4 Rfd8 18. Qd3 g6 19. Qa6 Ng4 20. Qxa7 Qxa7 21. Bxa7 Rbc8 22. Bd4 Bf6 23. Nb5 Rxc2 24. h3 Rc4 25. Rfd1 Bxd4 26. Nxd4 Nf6 27. b5 Ne4 28. a4 Nc3 29. Rd3 Nxa4 30. Nc6 Rd6 31. Na5 Rb4 32. Nc6 Rxb5 33. Nd4 Rb4 34. Nc2 Rb2 35. Ne3 Nc5 36. Rdd1 d4 37. Rac1 Ne4 38. Nc4 Bxc4 39. Rxc4 Rd2 40. Re1 Nf6 41. Re7 Rd7 42. Re1 h5 43. Rc6 Kg7 44. f4 d3 45. Kf1 Rc2 0-1

[Event "Pfaeffikon Acrevis op 2nd"]
[Site "Pfaeffikon"]
[Date "2022.07.29"]
[Round "2"]
[White "Svagerka, Michal"]
[Black "Pahud, Cedric"]
[Result "0-1"]
[WhiteElo "1876"]
[BlackElo "2201"]
[PlyCount "92"]
[EventDate "2022.07.28"]
[EventType "swiss"]
[EventRounds "6"]
[EventCountry "SUI"]
[SourceTitle "EXT 2023"]
[Source "ChessBase"]
[SourceDate "2022.10.05"]
[SourceVersion "1"]
[SourceVersionDate "2022.10.05"]
[SourceQuality "1"]

1. e4 c5 2. Nf3 g6 3. d4 cxd4 4. Nxd4 Nc6 5. Nc3 Bg7 6. Be3 Nf6 7. Bc4 0-0 8. Bb3 a5 9. a4 d6 10. f3 Nd7 11. Qd2 Nc5 12. Nxc6 bxc6 13. Bd4 Nxb3 14. cxb3 e5 15. Be3 Be6 16. h4 Re8 17. h5 Bxb3 18. Bh6 Bh8 19. Bg5 Qd7 20. g4 d5 21. Kf2 Ra7 22. Ra3 Rb7 23. Kg3 Bc4 24. Rc1 Reb8 25. Rc2 Bb3 26. Rc1 d4 27. Ne2 Be6 28. Rc2 Bg7 29. hxg6 fxg6 30. Qxa5 Rxb2 31. Qd2 R2b3 32. Rxb3 Rxb3 33. Nc1 Ra3 34. Nd3 Qd6 35. Nb4 c5 36. Nd3 c4 37. Nc1 Rxa4 38. Ra2 Qa6 39. Qb2 Bf8 40. Rxa4 Qxa4 41. Bf6 Qa5 42. Ne2 Qe1+ 43. Kh3 Qf2 44. Bh4 Qxf3+ 45. Bg3 Bxg4+ 46. Kh4 Be7# 0-1

[Event "SUI-chT"]
[Site "Switzerland"]
[Date "2021.10.24"]
[Round "5.2"]
[White "Pahud, Cedric"]
[Black "Ragger, Markus"]
[Result "0-1"]
[WhiteElo "2198"]
[BlackElo "2685"]
[PlyCount "62"]
[EventDate "2021.08.29"]
[EventType "team-tourn"]
[EventRounds "9"]
[EventCountry "SUI"]
[SourceTitle "EXT 2023"]
[Source "ChessBase"]
[SourceDate "2022.10.05"]
[SourceVersion "1"]
[SourceVersionDate "2022.10.05"]
[SourceQuality "1"]
[WhiteTeam "Echallens"]
[BlackTeam "Riehen"]
[WhiteTeamCountry "SUI"]
[BlackTeamCountry "SUI"]

1. e4 e5 2. Nf3 Nc6 3. d4 exd4 4. Bc4 Nf6 5. e5 d5 6. Bb5 Ne4 7. Nxd4 Bd7 8. Bxc6 bxc6 9. 0-0 Bc5 10. f3 Ng5 11. f4 Ne4 12. Be3 Qb8 13. Nc3 Qxb2 14. Nxe4 dxe4 15. Qd2 Qb4 16. c3 Qc4 17. f5 Qd5 18. e6 fxe6 19. fxe6 Bxe6 20. Qe2 Bd6 21. Nxe6 Qxe6 22. Qa6 Kd7 23. c4 Qe5 24. g3 Rhf8 25. Rad1 Rxf1+ 26. Kxf1 Qc3 27. Ke2 Rb8 28. Rd2 Rb2 29. Rxb2 Qxb2+ 30. Kd1 Qb1+ 31. Ke2 Bb4 0-1

[Event "SUI-chT"]
[Site "Switzerland"]
[Date "2021.09.19"]
[Round "2.7"]
[White "Pahud, Cedric"]
[Black "Panek, Dietmar"]
[Result "1-0"]
[WhiteElo "2198"]
[BlackElo "1976"]
[PlyCount "86"]
[EventDate "2021.08.29"]
[EventType "team-tourn"]
[EventRounds "9"]
[EventCountry "SUI"]
[SourceTitle "EXT 2022"]
[Source "ChessBase"]
[SourceDate "2021.10.06"]
[SourceVersion "1"]
[SourceVersionDate "2021.10.06"]
[SourceQuality "1"]
[WhiteTeam "Echallens"]
[BlackTeam "Bodan"]
[WhiteTeamCountry "SUI"]
[BlackTeamCountry "SUI"]

1. e4 c6 2. d4 d5 3. exd5 cxd5 4. Bd3 Nc6 5. c3 Nf6 6. Bf4 Qb6 7. Qb3 Qxb3 8. axb3 Nh5 9. Be3 Bd7 10. Nd2 f5 11. Ne2 e6 12. Nf4 Nf6 13. h4 Ng4 14. b4 Nxe3 15. fxe3 Bd6 16. Nf3 Ne7 17. Kd2 Ng6 18. g3 Nxf4 19. exf4 Kf7 20. b5 h6 21. Ra2 Bb8 22. Rha1 Rd8 23. b6 Bc8 24. bxa7 Bc7 25. Bb5 Bb6 26. Kd3 Ke7 27. b3 Bd7 28. Bxd7 Rxd7 29. c4 dxc4+ 30. bxc4 Kd8 31. Kc3 Bc7 32. c5 b6 33. Kc4 Rd5 34. Ra6 bxc5 35. dxc5 Rd7 36. Rxe6 Kc8 37. Nd4 Bd8 38. Nxf5 Raxa7 39. Rxa7 Rxa7 40. Kd5 Rd7+ 41. Nd6+ Kc7 42. c6 Re7 43. Rxe7+ Bxe7 1-0

[Event "Biel HTO 54th"]
[Site "Biel"]
[Date "2021.07.28"]
[Round "3"]
[White "Pahud, Cedric"]
[Black "Erigaisi, Arjun Kumar"]
[Result "0-1"]
[WhiteElo "2200"]
[BlackElo "2567"]
[PlyCount "90"]
[EventDate "2021.07.26"]
[EventType "swiss"]
[EventRounds "9"]
[EventCountry "SUI"]
[SourceTitle "CBM 203 Extra"]
[Source "ChessBase"]
[SourceDate "2021.09.30"]
[SourceVersion "1"]
[SourceVersionDate "2021.09.30"]
[SourceQuality "1"]

1. e4 c5 2. c3 d6 3. d4 Nf6 4. Bd3 cxd4 5. cxd4 g6 6. Nf3 Bg4 7. h3 Bxf3 8. Qxf3 Bg7 9. 0-0 0-0 10. Be3 Nc6 11. d5 Ne5 12. Qe2 Nxd3 13. Qxd3 Nd7 14. Nc3 Qa5 15. Rac1 Rac8 16. Rfd1 a6 17. Bd4 Bxd4 18. Qxd4 b5 19. a3 Rc4 20. Qa7 Rc7 21. Qe3 Rfc8 22. Na2 Qa4 23. Nb4 Rxc1 24. Rxc1 Rxc1+ 25. Qxc1 a5 26. Qc8+ Nf8 27. Nc6 Qxe4 28. Qd8 Kg7 29. Nxe7 Qe1+ 30. Kh2 Qe5+ 31. Kg1 Qxb2 32. Qxd6 b4 33. axb4 a4 34. Qg3 a3 35. Nf5+ Kh8 36. Qb8 Kg8 37. Nh6+ Kg7 38. Qe8 Qc1+ 39. Kh2 Qxh6 40. Qe5+ Kg8 41. Qc3 a2 42. Qb2 Qf4+ 43. Kg1 Qc4 44. d6 Qa6 45. Qa1 Qa3 0-1

[Event "Biel HTO 54th"]
[Site "Biel"]
[Date "2021.07.26"]
[Round "1"]
[White "Pahud, Cedric"]
[Black "Puranik, Abhimanyu Sameer"]
[Result "0-1"]
[WhiteElo "2200"]
[BlackElo "2589"]
[PlyCount "66"]
[EventDate "2021.07.26"]
[EventType "swiss"]
[EventRounds "9"]
[EventCountry "SUI"]
[SourceTitle "CBM 203 Extra"]
[Source "ChessBase"]
[SourceDate "2021.09.30"]
[SourceVersion "1"]
[SourceVersionDate "2021.09.30"]
[SourceQuality "1"]

1. e4 e5 2. Nf3 Nc6 3. Nc3 Nf6 4. d4 exd4 5. Nxd4 Nxe4 6. Nxe4 Qe7 7. f3 d5 8. Bb5 Bd7 9. Bxc6 bxc6 10. 0-0 dxe4 11. Re1 0-0-0 12. Rxe4 Qb4 13. c3 Qb6 14. Re1 c5 15. Nb3 c4+ 16. Be3 Qg6 17. Nc5 Bh3 18. Qe2 Re8 19. Ne4 f5 20. Ng3 Bc5 21. Bxc5 Rxe2 22. Rxe2 f4 23. Ne4 Re8 24. Kh1 Rxe4 25. fxe4 f3 26. Rf2 Bxg2+ 27. Kg1 Qxe4 28. Rd1 a6 29. Rfd2 Bh3 30. Bf2 h5 31. Bg3 h4 32. Rd8+ Kb7 33. Re1 hxg3 0-1

[Event "Karlsruhe Grenke op"]
[Site "Karlsruhe"]
[Date "2019.04.19"]
[Round "3"]
[White "Spyropoulos, Nikolaos"]
[Black "Pahud, Cedric"]
[Result "1-0"]
[WhiteElo "2400"]
[BlackElo "2194"]
[PlyCount "83"]
[EventDate "2019.04.18"]
[EventType "swiss"]
[EventRounds "9"]
[EventCountry "GER"]
[SourceTitle "CBM 189 Extra"]
[Source "ChessBase"]
[SourceDate "2019.05.31"]
[SourceVersion "1"]
[SourceVersionDate "2019.05.31"]
[SourceQuality "1"]

1. e4 c5 2. Nf3 g6 3. d4 cxd4 4. Nxd4 Nc6 5. c4 Nf6 6. Nc3 d6 7. Be2 Nxd4 8. Qxd4 Bg7 9. Be3 0-0 10. Qd2 Be6 11. Rc1 Qa5 12. f3 Rfc8 13. b3 a6 14. Na4 Qxd2+ 15. Kxd2 Nd7 16. g4 f5 17. gxf5 gxf5 18. Nc3 Rf8 19. Rhg1 Kh8 20. exf5 Rxf5 21. f4 Rff8 22. Bf3 Rab8 23. Nd5 Rf7 24. Rg5 Nf6 25. Re1 Bxd5 26. cxd5 Rc8 27. Kd3 Bh6 28. Bd4 Bg7 29. h4 Ne8 30. Bg4 Rc7 31. Bh5 Rf8 32. Bb6 Rc3+ 33. Kd2 Bf6 34. Rf5 Rg3 35. Bxe8 Bc3+ 36. Kc2 Rxf5 37. Rxe7 Rxd5 38. Be3 Bd4 39. Bd2 Rg2 40. Bf7 Bf6 41. Re8+ Kg7 42. Bxd5 1-0

[Event "SUI-chT"]
[Site "Switzerland"]
[Date "2018.06.10"]
[Round "4.7"]
[White "Pahud, Cedric"]
[Black "Burri, Quentin"]
[Result "0-1"]
[WhiteElo "2201"]
[BlackElo "2322"]
[PlyCount "60"]
[EventDate "2018.03.25"]
[EventType "team-tourn"]
[EventRounds "9"]
[EventCountry "SUI"]
[SourceTitle "EXT 2019"]
[Source "ChessBase"]
[SourceDate "2018.10.10"]
[SourceVersion "1"]
[SourceVersionDate "2018.10.10"]
[SourceQuality "1"]
[WhiteTeam "Echallens"]
[BlackTeam "Geneve"]
[WhiteTeamCountry "SUI"]
[BlackTeamCountry "SUI"]

1. e4 c5 2. Nf3 d6 3. d4 cxd4 4. Nxd4 Nf6 5. Nc3 a6 6. Qf3 e6 7. g4 Nc6 8. Nxc6 bxc6 9. g5 Nd7 10. Bf4 Ne5 11. Qg3 Ng6 12. Be3 d5 13. 0-0-0 Bd6 14. f4 Qc7 15. e5 Bb4 16. Na4 Qa5 17. b3 c5 18. Kb1 Bd7 19. Nb2 Ne7 20. c4 Bc6 21. Bg2 0-0 22. Qf2 Qb6 23. Bc1 a5 24. f5 d4 25. Bxc6 Qxc6 26. Qf4 a4 27. bxa4 Bc3 28. Rhe1 Rfb8 29. Kc2 Bxb2 30. Bxb2 Qxa4+ 0-1

[Event "SUI-chT"]
[Site "Switzerland"]
[Date "2018.04.29"]
[Round "3.8"]
[White "Pahud, Cedric"]
[Black "Albisetti, Martin"]
[Result "1-0"]
[WhiteElo "2201"]
[BlackElo "2216"]
[PlyCount "95"]
[EventDate "2018.03.25"]
[EventType "team-tourn"]
[EventRounds "9"]
[EventCountry "SUI"]
[SourceTitle "EXT 2019"]
[Source "ChessBase"]
[SourceDate "2018.10.10"]
[SourceVersion "1"]
[SourceVersionDate "2018.10.10"]
[SourceQuality "1"]
[WhiteTeam "Echallens"]
[BlackTeam "Wollishofen"]
[WhiteTeamCountry "SUI"]
[BlackTeamCountry "SUI"]

1. e4 e5 2. Nf3 Nc6 3. Nc3 Nf6 4. d4 exd4 5. Nxd4 Bb4 6. Nxc6 bxc6 7. Bd3 d5 8. exd5 cxd5 9. 0-0 0-0 10. Bg5 Be6 11. Qf3 Be7 12. h3 h6 13. Bf4 c6 14. Rfe1 Qb6 15. b3 Kh8 16. Na4 Qd8 17. Qe3 d4 18. Qe5 Qd5 19. Qe2 Bb4 20. Bd2 Qa5 21. Bxb4 Qxb4 22. Qe5 Bxb3 23. Reb1 Qxa4 24. axb3 Qb4 25. Ra4 Qd2 26. Qxd4 Rfe8 27. Qb4 Qg5 28. Qf4 Qd5 29. Rba1 a5 30. b4 Nh5 31. Qf5 Qxf5 32. Bxf5 Nf4 33. bxa5 Ne2+ 34. Kf1 c5 35. Re4 Nd4 36. Rxe8+ Rxe8 37. Bd7 Re7 38. a6 Rxd7 39. a7 Rxa7 40. Rxa7 Nxc2 41. Rxf7 Nd4 42. Rc7 Nb3 43. Ke2 Nd4+ 44. Ke3 Nb3 45. Kd3 Kh7 46. Re7 Kg6 47. Kc4 Kf6 48. Re3 1-0

[Event "Monthey op 6th"]
[Site "Monthey"]
[Date "2015.11.01"]
[Round "7"]
[White "Pahud, Cedric"]
[Black "Brunner, Nicolas"]
[Result "0-1"]
[WhiteElo "2172"]
[BlackElo "2418"]
[PlyCount "68"]
[EventDate "2015.10.30"]
[EventType "swiss"]
[EventRounds "7"]
[EventCountry "SUI"]
[SourceTitle "EXT 2017"]
[Source "ChessBase"]
[SourceDate "2016.10.25"]
[SourceVersion "1"]
[SourceVersionDate "2016.10.25"]
[SourceQuality "1"]

1. e4 c5 2. Nf3 d6 3. d4 cxd4 4. Nxd4 Nf6 5. Nc3 a6 6. g3 e6 7. Bg2 Be7 8. 0-0 0-0 9. Be3 Qc7 10. f4 Nc6 11. Kh1 Bd7 12. Nb3 b5 13. a3 Rfd8 14. g4 Bc8 15. g5 Nd7 16. f5 Nde5 17. f6 Bf8 18. fxg7 Bxg7 19. Qh5 Bb7 20. Rad1 Ne7 21. Nd4 N7g6 22. Bc1 Rac8 23. Nf3 Nc4 24. Nd4 Nce5 25. Nf3 Qe7 26. Nxe5 dxe5 27. Qg4 a5 28. Rxd8+ Qxd8 29. Nxb5 Rxc2 30. Rd1 Qb6 31. Nc3 Bf8 32. Rf1 Ba6 33. Qd1 Qb3 34. Qd7 Bxf1 0-1

[Event "SUI-chT"]
[Site "Switzerland"]
[Date "2015.09.06"]
[Round "7.6"]
[White "Pahud, Cedric"]
[Black "Brunner, Nicolas"]
[Result "1-0"]
[WhiteElo "2154"]
[BlackElo "2424"]
[PlyCount "97"]
[EventDate "2015.03.29"]
[EventType "team-tourn"]
[EventRounds "9"]
[EventCountry "SUI"]
[SourceTitle "EXT 2016"]
[Source "ChessBase"]
[SourceDate "2015.10.08"]
[SourceVersion "1"]
[SourceVersionDate "2015.10.08"]
[SourceQuality "1"]
[WhiteTeam "Echallens"]
[BlackTeam "Riehen"]
[WhiteTeamCountry "SUI"]
[BlackTeamCountry "SUI"]

1. e4 c5 2. Nf3 d6 3. d4 cxd4 4. Nxd4 Nf6 5. Nc3 a6 6. g3 e5 7. Nde2 Be7 8. Bg2 Nbd7 9. h3 b5 10. g4 Nb6 11. Ng3 0-0 12. 0-0 g6 13. f4 b4 14. Nd5 Nbxd5 15. exd5 Qb6+ 16. Kh1 exf4 17. Bxf4 Bb7 18. Qd2 Rfe8 19. Rad1 Rac8 20. Be3 Qc7 21. Qf2 Rf8 22. Bh6 Qxc2 23. Rd2 Qc4 24. Bxf8 Rxf8 25. Rd4 Qc5 26. Ne4 Nxe4 27. Rxe4 Bg5 28. Qxc5 dxc5 29. Re5 c4 30. d6 f6 31. Rc5 Bxg2+ 32. Kxg2 Rd8 33. Rd1 Bf4 34. Rxc4 Rxd6 35. Rxd6 Bxd6 36. b3 Kf7 37. Rc6 Ke6 38. Rxa6 Kd5 39. Kf3 Be5 40. Ke3 Bb2 41. Ra5+ Ke6 42. Ke4 h6 43. Ra6+ Kf7 44. Ra4 Ba3 45. Ra7+ Ke6 46. Ra6+ Kf7 47. Rb6 Kg7 48. Rb7+ Kg8 49. Kd5 1-0